|
|
|
|
| LEADER |
02044nam a2200553 i 4500 |
| 001 |
nkc20162798513 |
| 003 |
CZ PrNK |
| 005 |
20160620073529.0 |
| 007 |
ta |
| 008 |
160513s2015 xr abf e f 001 0 cze |
| 015 |
|
|
|a cnb002798513
|
| 020 |
|
|
|a 978-80-7376-430-2
|q (brožováno)
|
| 035 |
|
|
|a (OCoLC)953516653
|
| 040 |
|
|
|a BOA001
|b cze
|d OLA001
|d ABA001
|e rda
|
| 043 |
|
|
|a e-xr---
|a e-gx---
|a e-pl---
|
| 072 |
|
7 |
|a 913(437)
|x Geografie Česka a Slovenska, reálie, cestování
|2 Konspekt
|9 7
|
| 080 |
|
|
|a 728.81:624.12
|2 MRF
|
| 080 |
|
|
|a (430)
|2 MRF
|
| 080 |
|
|
|a (438)
|2 MRF
|
| 080 |
|
|
|a 913(437.3)
|2 MRF
|
| 080 |
|
|
|a (036)913
|2 MRF
|
| 100 |
1 |
|
|a Fišera, Zdeněk,
|d 1954-2022
|7 xx0024356
|4 aut
|
| 245 |
1 |
0 |
|a Skalní hrady :
|b turistický průvodce /
|c Zdeněk Fišera
|
| 250 |
|
|
|a Vydání první
|
| 264 |
|
1 |
|a Velké Přílepy :
|b Olympia,
|c 2015
|
| 300 |
|
|
|a 143 stran, xvi stran obrazových příloh :
|b ilustrace (některé barevné), mapy ;
|c 21 cm
|
| 336 |
|
|
|a text
|b txt
|2 rdacontent
|
| 337 |
|
|
|a bez média
|b n
|2 rdamedia
|
| 338 |
|
|
|a svazek
|b nc
|2 rdacarrier
|
| 490 |
1 |
|
|a Navštivte...
|
| 500 |
|
|
|a V knize uvedeny QR kódy
|
| 500 |
|
|
|a Obsahuje rejstřík
|
| 650 |
0 |
7 |
|a skalní hrady
|7 ph250055
|z Česko
|2 czenas
|
| 650 |
0 |
7 |
|a skalní hrady
|7 ph250055
|z Německo
|2 czenas
|
| 650 |
0 |
7 |
|a skalní hrady
|7 ph250055
|z Polsko
|2 czenas
|
| 650 |
0 |
9 |
|a rock castles
|z Czechia
|2 eczenas
|
| 650 |
0 |
9 |
|a rock castles
|z Germany
|2 eczenas
|
| 650 |
0 |
9 |
|a rock castles
|z Poland
|2 eczenas
|
| 651 |
|
7 |
|a Česko
|7 ge128065
|x vlastivěda
|2 czenas
|
| 651 |
|
9 |
|a Czechia
|x description and travel
|2 eczenas
|
| 655 |
|
7 |
|a turistické průvodce
|7 fd133738
|2 czenas
|
| 655 |
|
9 |
|a tourist guidebooks
|2 eczenas
|
| 830 |
|
0 |
|a Navštivte...
|0 s
|
| 910 |
2 |
|
|a BOA001
|b 2-1366.746
|
| 990 |
|
|
|a BK
|
| 995 |
|
|
|a 01
|
| 991 |
|
|
|b 201605
|c NOV
|
| 996 |
6 |
|
|b 2610670709
|c 2-1366.746
|l MZK
|r Sklad / do 1 hodiny
|n 1
|p p.v.
|w 001561763
|u 000010
|a 1
|e BOA001
|j MZK50
|s P
|
| 996 |
7 |
|
|b 2610674154
|c 2-1366.746
|l MZK
|r Sklad / do 1 hodiny
|n 8
|p kup
|w 001561763
|u 000020
|a 1
|e BOA001
|j MZK50
|s A
|